Responses for Show #4091 - Monday, May 20, 2002

Ben Tritle game 3.

(Sofia: Wish us bon voyage! The Jeopardy! Clue Crew is off on a cruise--coming up next.)

Contestants

[<< previous game]

Andrew Marshall, a computer specialist from Toronto, Canada

Julie Marcus, a federal appellate attorney from Arlington, Virginia

Ben Tritle, an apartment manager from Los Angeles, California (whose 2-day cash winnings total $32,601)

[next game >>]

Jeopardy! Round responses

ON A PRINCESS CRUISE
FAMOUS PAINTINGS
DEAD TV
PRESIDENTIAL NICKNAMES
IOWANS
ENDS IN "UX"
    $200 12
nose

Ben
    $200 19
Van Gogh

Julie
    $200 6
The Sopranos

Ben
    $200 21
Nixon

Julie
    $200 7
John Wayne

Ben
    $200 1
tux

Ben
    $400 13
(Alex: We'll accept that. The [*] would have been a better response, but that's good.)

wheel or helm

Ben
    $400 27
Winslow Homer

Julie
    $400 15
Tales From the Crypt

Julie
    $400 23
Martin van Buren

Ben
    $400 8
Tom Arnold

Ben
    $400 2
deux

Ben
    $600 14
Blackbeard

Julie
    $600 28
(Alex: By Edvard Munch, yes.)

The Scream

Julie
    $600 16
Six Feet Under

Ben
    $600 24
Carter

Ben
    $600 9
Johnny Carson

Ben
    $600 3
Sioux

Andrew
    $800 17
gills

Andrew
    $800 29
(Julie: What is The Birth of Venus?)
(Andrew: What is Nude Descending The Staircase?)

Naked Maja

JulieAndrew
Triple Stumper
    $800 20
Hilary Swank

Ben
    $800 25
(Julie: Who is George Washington?)

Ulysses Grant

Julie
Triple Stumper
    $800 10
The Music Man

Ben
    $600 4
(Andrew: What is exodus?)

influx

Andrew
    $1000 18
mangrove trees

Andrew
    $1000 30
The Blue Boy

Julie
    $1000 22
Crossing Jordan

Ben
    $1000 26
(Julie: Who is John Quincy Adams?)
(Ben: Who is Taft?)

John Adams

BenJulie
Triple Stumper
    $1000 11
William "Bub" Frawley

Triple Stumper
    $1000 5
Pollux

Julie

Scores at the first commercial break (after clue 14):

Ben Julie Andrew
$3,400 $1,600 $0

Scores at the end of the Jeopardy! Round:

Ben Julie Andrew
$5,800 $1,800 $1,000

Double Jeopardy! Round responses

SOUTH AMERICAN CAPITALS
CALLING ALL PAULS
BOOKS & AUTHORS
RECENT MUSIC
GO THE DISTANCE
ANIMAL WORDS & PHRASES
    $400 13
Buenos Aires

Julie
    $400 1
Paul Reubens

Ben
    $400 8
Mary Shelley

Ben
    $400 2
'N Sync

Ben
    $400 7
90

Julie
    $400 22
wolf

Andrew
    $800 20
Santiago

Ben
    $800 16
Paul Sorvino

Julie
    $800 14
(Julie: Who is Peter Batty?)

William Peter Blatty

Julie
Triple Stumper
    $800 3
Christina Aguilera

Ben
    $800 9
Tokyo

Ben
    $800 23
turtleneck

Andrew
    $2,000 21
(Ben: What is Lima?)

La Paz

Ben
    $1200 19
Paul Prudhomme

Ben
    $1200 15
Agatha Christie

Ben
    $3,400 4
(Ben: What is Matchbox Twenty?)

U2

Ben
    $1200 10
capillaries

Ben
    $1200 24
snake in the grass

Ben
    $1600 29
Caracas

Triple Stumper
    $1600 25
(Who is Gauguin?)

(Paul) Klee

BenJulie
    $1600 17
All the King's Men

Julie
    $1600 5
Destiny's Child

Ben
    $1600 11
league

Triple Stumper
    $1600 27
swing a cat

Andrew
    $2000 30
Lima

Triple Stumper
    $2000 26
Paul Tsongas

Julie
    $2000 18
Edward Gibbon

Triple Stumper
    $2000 6
Pearl Jam

Triple Stumper
    $2000 12
Chinese New Year

Triple Stumper
    $2000 28
toad

Ben

Scores at the end of the Double Jeopardy! Round:

Ben Julie Andrew
$10,800 $7,800 $3,800

[wagering suggestions for these scores]

Final Jeopardy! Round responses

RULERS
AndrewWho was Tsar Nicholas?
$3,800
JulieWho was Peter the Great
$3,001
BenWho is Peter the Great?
$4,801
Tsar Alexander I

Final scores:

Ben Julie Andrew
$5,999 $4,799 $0
3-day champion: $38,600 2nd place: $2,000 3rd place: $1,000

Game dynamics:

Coryat scores:

Ben Julie Andrew
$16,200 $7,800 $4,400
26 R,
4 W
(including 2 DDs)
14 R,
4 W
6 R,
2 W
(including 1 DD)

Combined Coryat: $28,400

[game clues] [game scores] [suggest correction]

Game tape date: 2002-01-30
The J! Archive is created by fans, for fans. Scraping, republication, monetization, and malicious use prohibited; this site may use cookies and collect identifying information. See terms. The Jeopardy! game show and all elements thereof, including but not limited to copyright and trademark thereto, are the property of Jeopardy Productions, Inc. and are protected under law. This website is not affiliated with, sponsored by, or operated by Jeopardy Productions, Inc. Join the discussion at JBoard.tv.